Atlas anatomi gambar dibuat oleh Louise H. Blumenthal

Bibliographic Details
Main Authors: Raven, Chr. P. (Author), Blumenthal, Louise H. (Author)
Format: Book
Published: Jakarta : Djambatan , 1953
Subjects:

MARC

LEADER 00000cam a2200000 7i4500
001 0000003501
005 20220926093000.0
008 021118s1953
060 1 0 |a QS 617   |b R253a 1953 
090 0 0 |a QS 617   |b R253a 1953 
100 0 |a Raven, Chr. P. ,   |e author 
245 0 0 |a Atlas anatomi   |c Chr. P. Raven :   |b gambar dibuat oleh Louise H. Blumenthal   |c diterjemahkan oleh Ahmad Ramali, dan Hendrat T. Laksman 
260 2 |a Jakarta :   |b Djambatan ,   |c 1953 
300 |a 48 p. ;   |c 32 cm. 
650 0 |a Anatomy   |v Atlases 
650 0 |a Human anatomy   |v Atlases 
700 0 |a Blumenthal, Louise H. ,   |e author 
999 |a 1000051959   |b Book   |c Reference   |e Medical Campus